NBA Players by Letter - R - Statistics

General Stats
  • This quiz has been taken 17 times
  • The average score is 8 of 21
Answer Stats
Team Answer % Correct
Timberwolves D'Angelo Russell
67%
Heat Duncan Robinson
67%
76ers Glenn Robinson III
67%
Wizards Jerome Robinson
67%
Knicks Mitchell Robinson
67%
Lakers Rajon Rondo
58%
Thunder Andre Roberson
50%
76ers Josh Richardson
50%
Suns Ricky Rubio
42%
Pistons Derrick Rose
33%
Timberwolves Naz Reid
33%
Rockets Austin Rivers
25%
Bucks Cameron Reynolds
25%
Warriors Chasson Randle
25%
Pelicans JJ Redick
25%
Knicks Julius Randle
25%
Hornets Terry Rozier
25%
Hawks Cam Reddish
8%
Thunder Isaiah Roby
8%
Mavericks Josh Reaves
8%
Magic Terrence Ross
8%
No matching quizzes found
Score Distribution
Percent of People with Each Score
Percentile by Number Answered
Your Score History
You have not taken this quiz